Category Elimination - Dominion Cards - Statistics

General Stats
  • This quiz has been taken 329 times
  • The average score is 10 of 20
Answer Stats
Group # Category % Correct
Yellow 78 Treasures
100%
Yellow 49 ... are kingdom cards
87%
Yellow 13 ... have a below the line effect
70%
White 74 Attacks
65%
White 50 ... cost $5
65%
White 21 ... can junk
60%
Green 32 Victory cards
56%
Green 21 ... can be worth two points
54%
Green 14 ... have another type
50%
Orange 77 Durations
48%
Yellow 4 ... can give $3 or more
47%
Orange 54 ... give +card(s) or (+)$
46%
Orange 9 ... say "now" and "next turn"
39%
White 8 ... can be non-terminal
38%
Yellow 1 ... has two cost symbols Fortune
32%
Green 5 ... can gain something
29%
Orange 3 ... are a boat
28%
White 1 ... has only the action and attack types Coven
21%
Green 1 ... is in one of the original 8 sets Tunnel
18%
Orange 1 ... lets you play a card from your hand Gondola
5%
No matching quizzes found
Score Distribution
Percent of People with Each Score
Percentile by Number Answered
Your Score History
You have not taken this quiz